00706nam a2200205Ia 4500008004000000020001800040041000800058082001600066100002200082245006800104260004800172300000800220440000600228650005700234690001500291700002100306906001100327999001900338952014300357210210b2006 xxu||||| |||| 00| 0 eng d a81 311 0034 0 aeng a070.03 PRAE aPRABHAKAR (Naval) aEncyclopaedia of mass media and communication in 21st century. aNew Delhi.bCommonwealth Publishers.c2006 a303 a8 aEncyclopaedia mass media International Communication aJournalism aBASU (Narendra). a061297 c108233d108233 00102ddc40738JRaALbALd2021-02-17eAlka Prakashan Kanpur-208007g858.00l0o070.03 PRAEp061297r2021-02-17 00:00:00w2021-02-17yBK